| 000 | 00394nam a2200157Ia 4500 | ||
|---|---|---|---|
| 008 | 210716s2007 xx 000 0 und d | ||
| 020 | _a9788183187770 | ||
| 041 | _aeng | ||
| 082 | _a658.1511 LALJ | ||
| 100 | _aLal Jawahar. | ||
| 245 | _aAccounting for management. | ||
| 250 | _a1 | ||
| 260 |
_aMumbai _bHimalaya Publishing House _c2007 |
||
| 300 | _a752 | ||
| 650 | _aManagement Accounting | ||
| 999 |
_c202085 _d202085 |
||